[Event "Druzynowe Mistrzostwa Polski Seniorow - II Liga"]
[Site "Szczyrk, CKiR Orle Gniazdo ul. Wrzosowa 28a "]
[Date "1899-12-30"]
[Round "1.71"]
[White "Markiewicz, Mateusz"]
[Black "Matlewski, Adam"]
[Result "1-0"]
[WhiteTitle "I++"]
[BlackTitle "I"]
[WhiteElo "2036"]
[BlackElo "1659"]

1. e4 c6 2. d4 d5 3. Nd2 dxe4 4. Nxe4 Nf6 5. Nxf6+ exf6 6. Be3 Be6 7. Bd3 g6 8.
Ne2 Bg7 9. h4 f5 10. Qd2 h6 11. O-O-O Qb6 12. c4 Qa6 13. d5 Bd7 14. Qb4 b6 15.
Qd6 c5 16. Rhe1 b5 17. Qxc5 bxc4 18. Nc3 Kd8 19. Bxc4 Qc8 20. Qa5+ Qc7 21. Qb4
Kc8 22. Kb1 a5 23. Qb3 Na6 24. Nb5 Qb8 25. Rc1 Kd8 26. a4 f4 27. Bd4 Bf5+ 28.
Ka1 Bxd4 29. Nxd4 Nb4 30. Bb5 Bd7 31. Nc6+ Bxc6 32. dxc6 Ra7 33. Rcd1+ Kc8 34.
Qh3+ f5 35. Qb3 Kc7 36. Re7+ Kb6 37. Rxa7 Qxa7 38. Rd7 Re8 39. Qc3 Re1+ 40. Qxe1
Nc2+ 41. Kb1 Nxe1 42. Rxa7 Kxa7 43. Kc1 Kb6 44. b4 axb4 45. a5+ Kc7 46. a6 Kb6
47. Bf1 b3 48. Kb2 Kxc6 49. Kxb3 Kb6 50. Kc3 f3 51. g3 f4 52. Kd4 fxg3 53. fxg3
g5 54. hxg5 hxg5 55. g4 Ng2 56. Ke4 Nh4 57. Bd3 Ng6 58. Kf5 Nf4 59. Bc4 Ng2 60.
Kxg5 Ne3 61. Bd3 f2 62. Kf4 Ng2+ 63. Ke4 Ka7 64. Bf1 1-0

[Event "Druzynowe Mistrzostwa Polski Seniorow - II Liga"]
[Site "Szczyrk, CKiR Orle Gniazdo ul. Wrzosowa 28a "]
[Date "1899-12-30"]
[Round "1.72"]
[White "Tomaszewska, Luiza"]
[Black "Jalowiec, Halina"]
[Result "1/2-1/2"]
[WhiteTitle "I++"]
[BlackTitle "WFM"]
[WhiteElo "1943"]
[BlackElo "1972"]

1. d4 d5 2. g3 Nf6 3. Bg2 Bf5 4. Nf3 h6 5. O-O e6 6. c4 c6 7. Nc3 dxc4 8. Ne5 Be7
9. a4 Nbd7 10. Nxc4 O-O 11. e4 Bh7 12. Ne3 a5 13. f4 Bb4 14. e5 Nd5 15. Ncxd5
cxd5 16. f5 Rc8 17. Bh3 Qb6 18. f6 Bg6 19. fxg7 Kxg7 20. Nxd5 exd5 21. Bxd7 Rc7
22. Rf6 Qa7 23. Bh3 Be7 24. Rf2 Qb6 25. Bf4 Rc4 26. Qd2 Rh8 27. Be3 Rc2 28. Qe1
Bg5 29. e6 Rxf2 30. Bxf2 Re8 31. Qe5+ Bf6 32. Qxd5 fxe6 33. Qb5 Qxb5 34. axb5
b6 35. Rc1 Be4 36. Rc7+ Kg6 37. Bg2 Bd3 38. Rc6 Bxb5 39. Be4+ Kf7 40. Rxb6 Bc4
41. Be3 h5 42. b3 Be2 43. h3 Bd8 44. Rb7+ Re7 45. Rb8 Rd7 46. Kf2 Ba6 47. g4 hxg4
48. hxg4 Bf6 49. Ra8 Bb7 50. Ra7 Bc6 51. Rxd7+ Bxd7 52. g5 Be7 53. d5 exd5 54.
Bxd5+ Kg7 55. Kg3 a4 56. bxa4 Bxa4 57. Kh4 Bc2 58. Bc6 Bg6 59. Bd4+ Kh7 60. Bd5
1/2-1/2

[Event "Druzynowe Mistrzostwa Polski Seniorow - II Liga"]
[Site "Szczyrk, CKiR Orle Gniazdo ul. Wrzosowa 28a "]
[Date "1899-12-30"]
[Round "1.73"]
[White "Tustanowski, Robert"]
[Black "Chojnacki, Slawomir"]
[Result "1-0"]
[WhiteTitle "m"]
[BlackTitle "k"]
[WhiteElo "2242"]
[BlackElo "2241"]

1. e4 c6 2. Nf3 d5 3. exd5 cxd5 4. Ne5 Nc6 5. d4 Nf6 6. Bb5 Bd7 7. Nxd7 Qxd7 8.
c3 a6 9. Bd3 e5 10. dxe5 Nxe5 11. O-O Bd6 12. Bc2 O-O-O 13. Nd2 Bc7 14. Nf3 Ne4
15. Nxe5 Bxe5 16. f3 Nc5 17. Bg5 f6 18. Be3 Qc6 19. Qd2 g5 20. Rfe1 h6 21. Rad1
Ne6 22. Bb3 Qd6 23. g3 Nc7 24. Qf2 f5 25. Bc5 Qf6 26. Rxe5 Qxe5 27. Re1 Qg7 28.
Bd4 Qd7 29. Bxh8 Rxh8 30. Qd4 Re8 31. Re5 Re6 32. Kf2 Qe8 33. Rxe6 Qxe6 34. Bc2
Nb5 35. Qh8+ Kc7 36. Qh7+ Kb8 37. Qxf5 Qb6+ 38. Kg2 Qe3 39. Qd3 Qc1 40. a4 Nc7
41. b4 Qb2 42. Kh3 d4 43. cxd4 Qxb4 44. Qe4 b5 45. axb5 Qxb5 46. Qe5 Qc6 47. Be4
Qe6+ 48. Bf5 Qxe5 49. dxe5 Nd5 50. Bd3 a5 51. Kg4 a4 52. Kh5 a3 53. Bc4 Ne3 54.
Ba2 Nf1 55. e6 Kc7 56. Kg6 g4 57. e7 1-0

[Event "Druzynowe Mistrzostwa Polski Seniorow - II Liga"]
[Site "Szczyrk, CKiR Orle Gniazdo ul. Wrzosowa 28a "]
[Date "1899-12-30"]
[Round "1.74"]
[White "Maciol, Ryszard"]
[Black "Olszynski, Kazimierz"]
[Result "1/2-1/2"]
[WhiteTitle "k"]
[BlackTitle "k+"]
[WhiteElo "2201"]
[BlackElo "2170"]

1. d4 f5 2. Nf3 Nf6 3. g3 e6 4. Bg2 Nc6 5. O-O d5 6. b3 Be7 7. Bb2 O-O 8. c4 Ne4
9. Nc3 Bf6 10. e3 Nxc3 11. Bxc3 Bd7 12. Ne5 Ne7 13. Bb4 c6 14. Qd2 Re8 15. Rac1
Ng6 16. Nd3 Be7 17. Rfd1 Bxb4 18. Qxb4 Bc8 19. Qc5 Qe7 20. b4 Qxc5 21. Nxc5 dxc4
22. Rxc4 a5 23. a4 axb4 24. Rxb4 Ra7 25. Rdb1 Re7 26. f4 Nf8 27. Bf1 Kf7 28. Bg2
Kf6 29. R1b3 g5 30. fxg5+ Kxg5 31. e4 Kf6 32. Rf3 Kg7 33. exf5 exf5 34. Bh3 Rf7
35. Nd3 Ng6 36. Nf4 Ne7 37. Rb2 Nd5 38. Ra3 Re7 39. Kf2 Kf7 40. Bg2 Nf6 41. h3
Nd7 42. Nd3 Ra5 43. Rd2 Nb6 44. Rda2 Be6 45. Ra1 Nc4 46. Rc3 Kf6 47. Nc5 Bd5 48.
Nb3 Ra8 49. a5 Nd6 50. a6 Rxa6 51. Rxa6 bxa6 52. Bxd5 cxd5 53. Rc6 Re6 54. Rc7
Ne4+ 55. Kg2 h6 56. Nc5 Nxc5 57. Rxc5 Re4 58. Rxd5 a5 59. Rxa5 Rxd4 60. Kf3 Rd3+
61. Kf4 Rd4+ 62. Ke3 Rd6 1/2-1/2

[Event "Druzynowe Mistrzostwa Polski Seniorow - II Liga"]
[Site "Szczyrk, CKiR Orle Gniazdo ul. Wrzosowa 28a "]
[Date "1899-12-30"]
[Round "1.75"]
[White "Siekaniec, Jan"]
[Black "Rzepka, Krzysztof"]
[Result "1-0"]
[WhiteTitle "k"]
[BlackTitle "k"]
[WhiteElo "2013"]
[BlackElo "2195"]

1. e4 c5 2. Nf3 d6 3. d4 cxd4 4. Nxd4 Nf6 5. Nc3 a6 6. Be2 e6 7. O-O Be7 8. Kh1
O-O 9. f4 Qc7 10. Bd3 Nc6 11. Be3 Nxd4 12. Bxd4 e5 13. Be3 exf4 14. Bxf4 Bg4 15.
Qe1 Qc5 16. e5 dxe5 17. Bxe5 Nd7 18. Bf4 Rae8 19. Qe4 Qh5 20. Qxb7 Bh4 21. Qd5
g5 22. Bd6 Re6 23. Ne4 Rfe8 24. Bc7 f5 25. Qxd7 f4 26. Bc4 Kf8 27. Bxf4 gxf4 28.
Rxf4+ Rf6 29. Qd4 Kg7 30. Nxf6 1-0

[Event "Druzynowe Mistrzostwa Polski Seniorow - II Liga"]
[Site "Szczyrk, CKiR Orle Gniazdo ul. Wrzosowa 28a "]
[Date "1899-12-30"]
[Round "1.76"]
[White "Bachorczyk, Marcin"]
[Black "Szczesniak, Konrad"]
[Result "0-1"]
[WhiteTitle "I"]
[BlackTitle "k"]
[WhiteElo "2089"]
[BlackElo "2112"]

1. e4 c5 2. g3 Nc6 3. Bg2 g6 4. d3 Bg7 5. f4 e6 6. Nf3 Nge7 7. O-O d5 8. e5 Nf5
9. c3 h5 10. Na3 Bd7 11. Nc2 Nce7 12. Qe2 Qb6 13. Qf2 Rc8 14. Rd1 Qa6 15. Bf1
b6 16. a4 Qb7 17. Bd2 a5 18. Be1 Bc6 19. Bg2 Qd7 20. b3 Ng8 21. c4 Ngh6 22. h3
Bf8 23. Qe2 Be7 24. Bf2 d4 25. Nd2 g5 26. Bxc6 Qxc6 27. fxg5 Bxg5 28. Ne4 Rg8
29. Qxh5 Bf4 30. Nf6+ Ke7 31. g4 Rg5 0-1

[Event "Druzynowe Mistrzostwa Polski Seniorow - II Liga"]
[Site "Szczyrk, CKiR Orle Gniazdo ul. Wrzosowa 28a "]
[Date "1899-12-30"]
[Round "1.77"]
[White "Tustanowski, Mateusz"]
[Black "Fudalej, Grzegorz"]
[Result "1-0"]
[WhiteTitle "I"]
[BlackTitle "k"]
[WhiteElo "1826"]
[BlackElo "2144"]

1. e4 c6 2. Qe2 d5 3. d3 dxe4 4. dxe4 e5 5. Nf3 Qc7 6. Nbd2 Nf6 7. a4 Bc5 8. Nc4
Bg4 9. Bd2 Nbd7 10. b4 Be7 11. g3 b5 12. Ne3 Bh5 13. Nf5 Bf8 14. Bg2 a6 15. O-O
Nb6 16. axb5 cxb5 17. Rxa6 Rxa6 18. Qxb5+ Nbd7 19. Qxa6 g6 20. Ne3 Bh6 21. Nxe5
Qxe5 22. Qc8+ Ke7 23. Qxh8 Bxe3 24. Bxe3 Be2 25. Re1 Qh5 26. h3 Bf3 27. Qc8 Bxg2
28. Kxg2 Qb5 29. Bc5+ Nxc5 30. Qxc5+ Qxc5 31. bxc5 Nd7 32. c6 Ne5 33. c7 Kd7 34.
Rd1+ Kxc7 35. Rd5 Nc6 36. Rc5 Kd6 37. Rxc6+ Kxc6 38. Kf3 Kd6 39. Ke3 Kc5 40. Kd3
1-0

[Event "Druzynowe Mistrzostwa Polski Seniorow - II Liga"]
[Site "Szczyrk, CKiR Orle Gniazdo ul. Wrzosowa 28a "]
[Date "1899-12-30"]
[Round "1.78"]
[White "Botor, Michalina"]
[Black "Buksa, Ewelina"]
[Result "1-0"]
[WhiteTitle "I+"]
[BlackTitle "I"]
[WhiteElo "1767"]
[BlackElo "1614"]

1. c4 e5 2. Nc3 Nf6 3. Nf3 d6 4. d3 c6 5. e4 Be7 6. Be2 O-O 7. O-O h6 8. Re1 Re8
9. d4 Nbd7 10. Bf1 Bf8 11. d5 a5 12. b3 Nc5 13. Bb2 Bg4 14. h3 Bh5 15. Re3 Nfd7
16. Ne2 Bxf3 17. gxf3 Qh4 18. Ng3 g6 19. Bc1 Nf6 20. Re1 Kh7 21. Bg2 Be7 22. Qd2
Bf8 23. f4 Nh5 24. Nxh5 Qxh5 25. fxe5 Qxe5 26. Bb2 Qe7 27. Qd4 Qe5 28. f4 Qxd4+
29. Bxd4 Nd3 30. Rf1 Rac8 31. Rad1 Nb4 32. Rd2 h5 33. a3 Na6 34. e5 Kg8 35. h4
dxe5 36. fxe5 Bxa3 37. Bh3 Ra8 38. e6 f5 39. Rg2 Kh7 40. Bxf5 1-0

[Event "Druzynowe Mistrzostwa Polski Seniorow - II Liga"]
[Site "Szczyrk, CKiR Orle Gniazdo ul. Wrzosowa 28a "]
[Date "1899-12-30"]
[Round "1.79"]
[White "Kujawski, Adam"]
[Black "Walter, Szymon"]
[Result "0-1"]
[WhiteTitle "k"]
[BlackTitle "I++"]
[WhiteElo "2325"]
[BlackElo "2019"]

1. e4 c5 2. Nf3 d6 3. d4 cxd4 4. Nxd4 Nf6 5. Nc3 g6 6. Be3 Bg7 7. f3 O-O 8. Bc4
Nc6 9. Qd2 Bd7 10. h4 Ne5 11. Bb3 h5 12. Bh6 Rc8 13. Bxg7 Kxg7 14. O-O-O Rc5 15.
f4 Neg4 16. Rhe1 b5 17. Nf3 b4 18. Nd5 Nxd5 19. Bxd5 Qc7 20. f5 Rc8 21. Nd4 Nf6
22. Bb3 a5 23. Qg5 a4 24. Bxf7 Kxf7 25. Qxg6+ Kf8 26. Rf1 Rxc2+ 27. Kb1 a3 28.
Rd2 Rc1+ 0-1

[Event "Druzynowe Mistrzostwa Polski Seniorow - II Liga"]
[Site "Szczyrk, CKiR Orle Gniazdo ul. Wrzosowa 28a "]
[Date "1899-12-30"]
[Round "1.80"]
[White "Klepek, Witold"]
[Black "Brzezinski, Mateusz"]
[Result "1-0"]
[WhiteTitle "I+"]
[BlackTitle "I++"]
[WhiteElo "1837"]
[BlackElo "2148"]

1. d4 Nf6 2. c4 c6 3. Nf3 d5 4. b3 Bf5 5. g3 e6 6. Bg2 Nbd7 7. O-O Bd6 8. Nbd2
h6 9. Bb2 Qe7 10. Ne5 O-O 11. Re1 Rfd8 12. f4 Bb4 13. e3 dxc4 14. Nexc4 Nb6 15.
e4 Bh7 16. a3 Nxc4 17. bxc4 Ba5 18. Re2 Bb6 19. Nb3 a5 20. a4 Nd7 21. Kh1 e5 22.
fxe5 c5 23. e6 fxe6 24. d5 e5 25. Bh3 Bc7 26. Bf5 Nf6 27. Qc2 Ra6 28. Rf1 Bd6
29. Bc3 Rf8 30. Qb2 Qc7 31. Nd2 Re8 32. Nb1 Rb6 33. Qc2 Rb4 34. Na3 Bxf5 35. exf5
Qd7 36. Bxb4 cxb4 37. Nb5 Bc5 38. Qd2 Qf7 39. Rfe1 e4 40. Qf4 Qe7 41. Qc7 Qxc7
42. Nxc7 Rc8 43. Ne6 Bd6 44. c5 Bxc5 45. Rc1 b6 46. d6 Kf7 47. Rd1 Ke8 48. d7+
Nxd7 49. Nxg7+ Kd8 50. Ne6+ Ke7 51. Rxe4 1-0

[Event "Druzynowe Mistrzostwa Polski Seniorow - II Liga"]
[Site "Szczyrk, CKiR Orle Gniazdo ul. Wrzosowa 28a "]
[Date "1899-12-30"]
[Round "1.81"]
[White "Skowronski, Piotr"]
[Black "Dzierzak, Radoslaw"]
[Result "0-1"]
[WhiteTitle "I+"]
[BlackTitle "I++"]
[WhiteElo "2064"]
[BlackElo "2006"]

1. c4 Nf6 2. Nc3 e6 3. d4 Bb4 4. e3 O-O 5. Bd3 d5 6. Nf3 c5 7. O-O cxd4 8. exd4
dxc4 9. Bxc4 b6 10. a3 Bxc3 11. bxc3 Bb7 12. Ne5 Nbd7 13. Nxd7 Qxd7 14. Bd3 Qc6
15. f3 Qxc3 16. Be3 Ba6 17. Bxa6 Qxe3+ 18. Kh1 Rad8 19. Re1 Qxd4 20. Qxd4 Rxd4
21. a4 g6 22. a5 Rfd8 23. axb6 axb6 24. Rab1 Nd5 25. h3 Rd7 26. Re4 Rxe4 27. fxe4
Nc3 28. Rxb6 Nxe4 29. Kh2 Kg7 30. Be2 Kf6 31. Rb4 Nc3 32. Bf3 Ke5 33. Rc4 Nd5
34. Re4+ Kd6 35. Rc4 Ra7 36. h4 f5 37. Rc2 e5 38. g4 e4 39. Be2 Ke5 40. h5 f4
41. h6 f3 0-1

[Event "Druzynowe Mistrzostwa Polski Seniorow - II Liga"]
[Site "Szczyrk, CKiR Orle Gniazdo ul. Wrzosowa 28a "]
[Date "1899-12-30"]
[Round "1.82"]
[White "Polok, Rafal"]
[Black "Wisniewski, Adam"]
[Result "0-1"]
[WhiteTitle "I"]
[BlackTitle "I+"]
[WhiteElo "2045"]
[BlackElo "1954"]

1. e4 e6 2. d4 d5 3. exd5 exd5 4. c4 Nf6 5. Nc3 Bb4 6. a3 Bxc3+ 7. bxc3 O-O 8.
Bd3 Re8+ 9. Ne2 Nc6 10. O-O Bg4 11. f3 dxc4 12. Bxc4 Be6 13. Bd3 Na5 14. Rb1 b6
15. Bg5 h6 16. Bh4 Bc4 17. Rb4 Bxd3 18. Qxd3 Qd6 19. Ng3 Nd5 20. Ne4 Qg6 21. Rb2
Nf4 22. Qb5 c6 23. Qb4 Nd3 24. Qd6 Nxb2 0-1

[Event "Druzynowe Mistrzostwa Polski Seniorow - II Liga"]
[Site "Szczyrk, CKiR Orle Gniazdo ul. Wrzosowa 28a "]
[Date "1899-12-30"]
[Round "1.83"]
[White "Stoppel, Mariusz"]
[Black "Janulek, Dawid"]
[Result "1-0"]
[WhiteTitle "I+"]
[BlackTitle "I+"]
[WhiteElo "2048"]
[BlackElo "1936"]

1. e4 c5 2. b4 cxb4 3. Bb2 d5 4. exd5 Nf6 5. Bb5+ Nbd7 6. c4 bxc3 7. Nxc3 a6 8.
Qa4 Rb8 9. Be2 b5 10. Qh4 Nb6 11. Nf3 Nbxd5 12. Ne5 Bb7 13. Nxb5 Qa5 14. a4 e6
15. Nc4 Qd8 16. Nd4 Be7 17. O-O g5 18. Qg3 Ne4 19. Qe5 Ndf6 20. Bf3 Bd5 21. Bxe4
Bxe4 22. Ba3 Bxa3 23. Rxa3 Bd5 24. Nd6+ Ke7 25. N6f5+ Kf8 26. Ne3 Rg8 27. Rc3
Kg7 28. g3 h6 29. Nc6 Bxc6 30. Rxc6 Kg6 31. f4 Qxd2 32. fxg5 Rb2 33. Rxf6+ 1-0

[Event "Druzynowe Mistrzostwa Polski Seniorow - II Liga"]
[Site "Szczyrk, CKiR Orle Gniazdo ul. Wrzosowa 28a "]
[Date "1899-12-30"]
[Round "1.84"]
[White "Wiatr, Maria"]
[Black "Humin, Julia"]
[Result "1-0"]
[WhiteTitle "I"]
[BlackTitle "I"]
[WhiteElo "1632"]
[BlackElo "1600"]

1. d4 Nf6 2. c4 g6 3. Nf3 Bg7 4. g3 O-O 5. Bg2 d5 6. O-O dxc4 7. Ne5 Nfd7 8. Nxc4
c5 9. d5 Nb6 10. Nxb6 Qxb6 11. Nc3 Rd8 12. Qc2 Na6 13. a3 h6 14. e4 e6 15. Rb1
Bd7 16. Be3 Qa5 17. f4 exd5 18. Nxd5 Ba4 19. Qc1 Bb3 20. f5 h5 21. fxg6 fxg6 22.
Bh6 Bxd5 23. exd5 Bd4+ 24. Kh1 Qc7 25. Qg5 Qd6 26. Be4 Kh8 27. Rf7 Rg8 28. Rbf1
Rae8 29. Bg2 Re5 30. Qd2 Ree8 31. Bf4 Qb6 32. Qd3 Qxb2 33. Rb1 Qe2 34. Qxe2 Rxe2
35. Rfxb7 Rge8 36. Rf1 Ra2 37. Rxa7 Rxa3 38. d6 c4 39. Re7 Rd8 40. d7 Bb6 41.
Be5+ Kg8 42. Re8+ Kh7 43. Rf7+ Kh6 44. Bg7+ Kh7 45. Bb2+ Kh6 46. Bc1+ g5 47. Re6#
1-0

[Event "Druzynowe Mistrzostwa Polski Seniorow - II Liga"]
[Site "Szczyrk, CKiR Orle Gniazdo ul. Wrzosowa 28a "]
[Date "1899-12-30"]
[Round "1.85"]
[White "Suliborski, Jakub"]
[Black "Szczepkowska-horowska, Karina"]
[Result "0-1"]
[WhiteTitle "I++"]
[BlackTitle "WGM"]
[WhiteElo "2063"]
[BlackElo "2377"]

1. d4 d6 2. Nc3 Nf6 3. Bg5 Nbd7 4. e4 c6 5. f4 Qb6 6. a3 e5 7. Nf3 Be7 8. b4 h6
9. fxe5 hxg5 10. exd6 Bxd6 11. e5 g4 12. exf6 gxf3 13. fxg7 Rg8 14. Bc4 Rxg7 15.
gxf3 Kf8 16. Qd2 Qc7 17. Ne2 Nb6 18. Bb3 Nd5 19. Bxd5 cxd5 20. O-O-O Bf5 21. Rdg1
Rc8 22. c3 Re8 23. Qh6 Rxe2 24. Qxg7+ Ke8 25. Kd1 Qc4 0-1

[Event "Druzynowe Mistrzostwa Polski Seniorow - II Liga"]
[Site "Szczyrk, CKiR Orle Gniazdo ul. Wrzosowa 28a "]
[Date "1899-12-30"]
[Round "1.86"]
[White "Smolka, Marcin"]
[Black "Parol, Pawel"]
[Result "1/2-1/2"]
[WhiteTitle "k"]
[BlackTitle "I++"]
[WhiteElo "1977"]
[BlackElo "2036"]

1. e4 e6 2. d4 d5 3. Nc3 Bb4 4. e5 c5 5. a3 Bxc3+ 6. bxc3 Ne7 7. Qg4 Kf8 8. Bd3
Qa5 9. Bd2 Qa4 10. Qd1 b6 11. Nf3 Ba6 12. Be3 Bxd3 13. Qxd3 cxd4 14. cxd4 Qa6
15. O-O Qxd3 16. cxd3 Nbc6 17. Rfc1 h6 18. Bd2 Ke8 19. g4 h5 20. h3 hxg4 21. hxg4
Rh3 22. Kg2 Rxf3 23. Kxf3 Nxd4+ 24. Ke3 Nb3 25. Rh1 Nxa1 26. Rh8+ Kd7 27. Rxa8
Nc8 28. d4 Nc2+ 29. Kd3 Nxa3 30. Bb4 Nb5 31. Bd6 Ncxd6 32. exd6 Kxd6 33. g5 Kd7
34. f4 g6 35. Rf8 Nd6 36. Kc3 a5 37. Kb3 b5 38. Ra8 Nb7 39. Rb8 Kc7 40. Re8 Nd6
41. Ra8 Kb6 42. Rb8+ Kc6 43. Ra8 Nf5 44. Rxa5 Nxd4+ 45. Kb4 Ne2 46. Ra7 Nxf4 47.
Rxf7 Nd3+ 48. Ka5 Ne5 49. Rf6 Kd6 50. Kxb5 d4 51. Kb4 d3 52. Kc3 Kd5 53. Rf4 Kc5
1/2-1/2

[Event "Druzynowe Mistrzostwa Polski Seniorow - II Liga"]
[Site "Szczyrk, CKiR Orle Gniazdo ul. Wrzosowa 28a "]
[Date "1899-12-30"]
[Round "1.87"]
[White "Zychowicz, Marcin"]
[Black "Koziol, Kamil"]
[Result "1-0"]
[WhiteTitle "II+"]
[BlackTitle "I++"]
[WhiteElo "1792"]
[BlackElo "2109"]

1. e4 c5 2. Nf3 Nc6 3. d4 cxd4 4. Nxd4 Qc7 5. Nc3 e6 6. Be3 a6 7. Be2 Nf6 8. O-O
Be7 9. f4 d6 10. a4 Bd7 11. Kh1 O-O 12. Qe1 Kh8 13. Qg3 Qa5 14. Rad1 Qb4 15. e5
Ne8 16. Nb3 Rd8 17. Qf2 Rc8 18. exd6 Bxd6 19. Nc5 Nb8 20. N3e4 Bxc5 21. Bxc5 Qxe4
22. Bd3 Qxa4 23. Bxf8 Nf6 24. Bd6 Qc6 25. Be5 Be8 26. Bxf6 gxf6 27. Qd4 Nd7 28.
Rf3 Qc5 29. Qxc5 Nxc5 30. Rff1 Nxd3 31. cxd3 Rc2 32. Rc1 Rxc1 33. Rxc1 Bc6 34.
Kg1 Kg7 35. Kf2 Kf8 36. Rc5 f5 37. Rc3 f6 38. Rc5 Ke7 39. Rc3 e5 40. g3 Kd6 41.
Ke3 b6 42. fxe5+ fxe5 43. d4 e4 44. Rb3 Bb5 45. Rc3 Bc6 46. Kf4 Bd7 47. Rb3 b5
48. Ra3 Bc8 49. Rc3 Bd7 50. b4 Be6 51. Rc5 h5 52. Kg5 Bd5 53. Kf4 Be6 54. h4 Bd7
55. Kg5 Be6 56. Kxh5 Bd5 57. Kg5 e3 58. Rc3 e2 59. Re3 Bc4 60. h5 a5 61. h6 1-0

[Event "Druzynowe Mistrzostwa Polski Seniorow - II Liga"]
[Site "Szczyrk, CKiR Orle Gniazdo ul. Wrzosowa 28a "]
[Date "1899-12-30"]
[Round "1.88"]
[White "Wolynski, Krzysztof"]
[Black "Suliborski, Artur"]
[Result "1/2-1/2"]
[WhiteTitle "I+"]
[BlackTitle "I"]
[WhiteElo "2102"]
[BlackElo "1892"]

1. e4 c6 2. d4 d5 3. Nd2 dxe4 4. Nxe4 Nf6 5. Ng3 Bg4 6. f3 Bd7 7. Bd3 e6 8. f4
c5 9. Nf3 cxd4 10. Nxd4 Qb6 11. Nb3 Be7 12. Qe2 Nc6 13. c3 O-O 14. Ne4 Rfe8 15.
Bd2 a5 16. Nxf6+ Bxf6 17. Be3 Qc7 18. Nc5 e5 19. O-O exf4 20. Bxf4 Be5 21. Bxe5
Nxe5 22. Nxd7 Nxd7 23. Qf2 Qb6 24. Qxb6 Nxb6 25. Rad1 Red8 26. Be4 Na4 27. Bxb7
Rxd1 28. Rxd1 Rb8 29. Bd5 Kf8 30. Bb3 Nc5 31. Rd5 Nxb3 32. axb3 Rxb3 33. Rxa5
Rxb2 34. Ra7 Rc2 35. Rc7 h5 36. h4 g6 37. Kh2 Ke8 38. Kg3 Kd8 39. Rxf7 Rxc3+ 40.
Kf4 Rc4+ 41. Kg5 Rg4+ 42. Kh6 Rxg2 43. Rg7 Rg4 44. Rxg6 Rxh4 45. Kg5 Rh1 1/2-1/2

[Event "Druzynowe Mistrzostwa Polski Seniorow - II Liga"]
[Site "Szczyrk, CKiR Orle Gniazdo ul. Wrzosowa 28a "]
[Date "1899-12-30"]
[Round "1.89"]
[White "Kowalec, Maciej"]
[Black "Matuszczyk, Przemyslaw"]
[Result "0-1"]
[WhiteTitle "I"]
[BlackTitle "I++"]
[WhiteElo "1903"]
[BlackElo "2065"]

1. d4 Nf6 2. Nf3 d6 3. c4 Nbd7 4. Nc3 e5 5. e3 c6 6. Be2 Be7 7. O-O O-O 8. b3 Re8
9. Qc2 Qc7 10. Bb2 Nf8 11. h3 Ng6 12. Rfd1 Bf8 13. b4 e4 14. Nd2 d5 15. cxd5 cxd5
16. Qb3 Be6 17. Rac1 Qe7 18. a3 Nd7 19. Nb5 Qg5 20. f4 exf3 21. Nxf3 Qg3 22. Kf1
Rac8 23. Rxc8 Rxc8 24. Nxa7 Ra8 25. Nb5 Nf6 26. Bc3 Bxh3 27. gxh3 Qxh3+ 28. Ke1
Ne4 29. Rd3 Qh1+ 30. Bf1 Qxf3 31. Qc2 Be7 32. Qe2 Bh4+ 33. Kd1 Nf2+ 34. Kd2 Qxe2+
35. Bxe2 Nxd3 36. Kxd3 Ne7 37. Bf3 f5 38. Bb2 g5 39. Nc7 Rd8 40. b5 Kf7 41. Bc3
g4 42. Bg2 Bg3 43. Ba5 Rd7 44. Na8 Nc8 45. a4 Ke6 46. Nb6 Nxb6 47. Bxb6 Bc7 48.
Bc5 b6 0-1

[Event "Druzynowe Mistrzostwa Polski Seniorow - II Liga"]
[Site "Szczyrk, CKiR Orle Gniazdo ul. Wrzosowa 28a "]
[Date "1899-12-30"]
[Round "1.90"]
[White "Dziodzio, Angelika"]
[Black "Murawko, Katarzyna"]
[Result "1-0"]
[WhiteTitle "k"]
[BlackTitle "k"]
[WhiteElo "1991"]
[BlackElo "1860"]

1. c4 f5 2. Nc3 g6 3. g3 Bg7 4. Bg2 Nc6 5. e3 Ne5 6. d3 Nf6 7. Nge2 O-O 8. O-O
c6 9. b3 d5 10. d4 Nf7 11. cxd5 cxd5 12. Nf4 e6 13. Bb2 Bd7 14. Rc1 Rc8 15. Qe2
Re8 16. Rc2 Ne4 17. Rfc1 Nfd6 18. Nxe4 dxe4 19. h4 Qa5 20. a4 Rxc2 21. Rxc2 b5
22. Bc3 b4 23. Bb2 Qb6 24. Bf1 Rc8 25. Qd1 Rxc2 26. Qxc2 a5 27. Be2 Kf7 28. Bd1
Qc6 29. Qd2 Qc7 30. Kf1 Nc8 31. Be2 Nd6 32. Ke1 Bc8 33. Kd1 Bd7 34. d5 e5 35.
Ng2 Qc5 36. Ne1 Bf6 37. f4 exf3 38. Bxf3 e4 39. Bxf6 Kxf6 40. Be2 Ke5 41. Qb2+
Kxd5 42. Ng2 Kc6 43. Qf6 Qd5+ 44. Kc2 Be6 45. Qb2 Qc5+ 46. Kd2 Bf7 47. Nf4 h6
48. Bd1 g5 49. hxg5 hxg5 50. Ne2 Qd5+ 51. Nd4+ Kb6 52. Ke1 Qc5 53. Qh2 Qc3+ 54.
Kf2 Qb2+ 55. Be2 Bxb3 56. Qh6 Kc5 57. Qg7 Kb6 58. Qf6 1-0

[Event "Druzynowe Mistrzostwa Polski Seniorow - II Liga"]
[Site "Szczyrk, CKiR Orle Gniazdo ul. Wrzosowa 28a "]
[Date "1899-12-30"]
[Round "1.92"]
[White "Kurpiewski, Slawomir"]
[Black "Cajbel, Maciej"]
[Result "0-1"]
[WhiteTitle "k"]
[BlackTitle "k"]
[WhiteElo "2086"]
[BlackElo "2225"]

1. d4 Nf6 2. c4 c5 3. d5 e6 4. Nc3 exd5 5. cxd5 d6 6. e4 g6 7. Nf3 Bg7 8. Be2 O-O
9. O-O Re8 10. Qc2 Na6 11. h3 Nc7 12. Nd2 Rb8 13. a4 b6 14. Nc4 Ba6 15. Bf4 Bxc4
16. Bxc4 a6 17. Be2 b5 18. Bf3 b4 19. Nd1 b3 20. Qd3 Rb4 21. Bg5 h6 22. Bxf6 Qxf6
23. Nc3 Rd4 24. Qe2 Qg5 25. Rfd1 f5 26. Qe3 Qxe3 27. fxe3 Rxd1+ 28. Bxd1 Bxc3
29. bxc3 Rxe4 30. Bxb3 c4 31. Ba2 Nxd5 32. Rc1 Nxe3 33. Rb1 Nd5 34. Rb8+ Kg7 35.
Rc8 Nxc3 36. Bxc4 Nxa4 37. Bxa6 Nc5 38. Bb5 Kf7 39. Rc7+ Re7 40. Bc4+ Kf6 41.
Rc8 Ke5 42. Rc6 Ne4 43. Ba6 Ra7 44. Kh2 Kd5 45. Rb6 Kc5 0-1

[Event "Druzynowe Mistrzostwa Polski Seniorow - II Liga"]
[Site "Szczyrk, CKiR Orle Gniazdo ul. Wrzosowa 28a "]
[Date "1899-12-30"]
[Round "1.93"]
[White "Jagodzinski, Piotr"]
[Black "Lukasik, Adam"]
[Result "1-0"]
[WhiteTitle "k"]
[BlackTitle "I"]
[WhiteElo "2209"]
[BlackElo "1968"]

1. e4 d6 2. d4 Nf6 3. Nc3 e5 4. Nf3 Nbd7 5. Bc4 Be7 6. Qe2 c6 7. dxe5 Nxe5 8. Bb3
Bg4 9. Bf4 Ng6 10. Be3 Nh4 11. Rg1 Qa5 12. h3 Bh5 13. O-O-O Nxf3 14. gxf3 Rg8
15. Rg5 Qc7 16. e5 dxe5 17. Qc4 Bd8 18. Bc5 Be7 19. Rxh5 Bxc5 20. Rxe5+ 1-0

[Event "Druzynowe Mistrzostwa Polski Seniorow - II Liga"]
[Site "Szczyrk, CKiR Orle Gniazdo ul. Wrzosowa 28a "]
[Date "1899-12-30"]
[Round "1.94"]
[White "Baranski, Miroslaw"]
[Black "Szumilas, Piotr"]
[Result "0-1"]
[WhiteTitle "I"]
[BlackTitle "I++"]
[WhiteElo "1818"]
[BlackElo "2191"]

1. d4 Nf6 2. c4 e6 3. Nc3 Bb4 4. Qc2 O-O 5. Bg5 c5 6. Nf3 h6 7. Bf4 d6 8. dxc5
dxc5 9. a3 Bxc3+ 10. Qxc3 Ne4 11. Qc2 f5 12. Nd2 Nxd2 13. Bxd2 Nc6 14. e3 e5 15.
Be2 f4 16. Rd1 fxe3 17. Bxe3 Nd4 18. Qb1 Qh4 19. Bxd4 exd4 20. O-O Bf5 21. Bd3
Bxd3 22. Rxd3 Rae8 23. b4 b6 24. bxc5 bxc5 25. Qb7 Qxf2+ 0-1

[Event "Druzynowe Mistrzostwa Polski Seniorow - II Liga"]
[Site "Szczyrk, CKiR Orle Gniazdo ul. Wrzosowa 28a "]
[Date "1899-12-30"]
[Round "1.95"]
[White "Dowgird, Filip"]
[Black "Czapla, Andrzej"]
[Result "1-0"]
[WhiteTitle "k"]
[BlackTitle "I"]
[WhiteElo "2172"]
[BlackElo "1937"]

1. e4 c6 2. d3 d5 3. Nd2 e5 4. Ngf3 Bd6 5. g3 Nf6 6. Bg2 O-O 7. O-O dxe4 8. dxe4
Qe7 9. Nh4 Rd8 10. Qe2 Bc5 11. Nf5 Bxf5 12. exf5 Qc7 13. g4 h6 14. h4 Bf8 15.
g5 Nh7 16. Ne4 g6 17. Bh3 Nd7 18. fxg6 fxg6 19. Qc4+ Kh8 20. Qf7 Rac8 21. Qxg6
Nc5 22. Nxc5 Bxc5 23. Qxh6 Rd6 24. Qh5 Rf8 25. Bg2 Kg8 26. Be4 Rf7 27. Be3 Qb6
28. Bxh7+ Rxh7 29. Qe8+ Kg7 30. Qxe5+ 1-0